000 00598nam a2200241Ia 4500
003 OSt
005 20220926041750.0
006 a|||||r|||| 00| 0
007 ta
008 220923b |||||||| |||| 00| 0 eng d
037 _cGeneral Book
040 _aRTL
_cRTL
_beng
041 _2eng
_aeng
082 _aX9(F555).5.N5, J6
110 _aOEEC
245 0 _aOil the outlook for Europe
260 _c1956
490 _aTrends in Economic Sectors
650 _aPetroleum Industry
700 _aOEEC
942 _hX9(F555).5.N5, J6
_cGB
_2CC
999 _c667994
_d667994